| 000 | 00560nam a2200193Ia 4500 | ||
|---|---|---|---|
| 003 | OSt | ||
| 005 | 20240914130145.0 | ||
| 008 | 220927b |||||||| |||| 00| 0 eng d | ||
| 020 | _a0041900081 | ||
| 040 |
_aSDCL _cSDCL _beng |
||
| 041 |
_2eng _aeng |
||
| 082 | _aRxM72 M5 | ||
| 100 |
_aBlackwell, Kenneth _9429335 |
||
| 245 | 0 | _aSoinozistic ethics of Bertrand Rusell. | |
| 260 |
_aLondon: _bGeorge Allen & Unwin, _c1985. |
||
| 300 |
_av,262p. _ccm. |
||
| 942 |
_hRxM72 M5 _cTEXL _2CC |
||
| 999 |
_c745859 _d745859 |
||